Managing successful universities (E-Book) (Record no. 192831)

000 -LEADER
fixed length control field 00718 a2200217 4500
003 - CONTROL NUMBER IDENTIFIER
control field Nust
005 - DATE AND TIME OF LATEST TRANSACTION
control field 20170207154045.0
020 ## - INTERNATIONAL STANDARD BOOK NUMBER
International Standard Book Number 0-335-20961-0 (pbk.) :
020 ## - INTERNATIONAL STANDARD BOOK NUMBER
International Standard Book Number 0-335-20962-9 :(inb.)
035 ## - SYSTEM CONTROL NUMBER
System control number (Uk)0335209629
040 ## - CATALOGING SOURCE
Transcribing agency Nust
082 04 - DEWEY DECIMAL CLASSIFICATION NUMBER
Classification number 378.101
100 1# - MAIN ENTRY--PERSONAL NAME
Personal name Michael Shattock.
245 10 - TITLE STATEMENT
Title Managing successful universities (E-Book)
Statement of responsibility, etc. Michael Shattock.
260 ## - PUBLICATION, DISTRIBUTION, ETC.
Place of publication, distribution, etc. maidenhead :
Name of publisher, distributor, etc. Society for Research into Higher Education & Open University Press,
Date of publication, distribution, etc. 2003.
300 ## - PHYSICAL DESCRIPTION
Extent xi, 201 s. :
Other physical details ill.
650 #0 - SUBJECT ADDED ENTRY--TOPICAL TERM
Topical term or geographic name entry element H�gskoleadministration
Geographic subdivision Storbritannien
650 #0 - SUBJECT ADDED ENTRY--TOPICAL TERM
Topical term or geographic name entry element Universitetsadministration
Geographic subdivision Storbritannien
650 #0 - SUBJECT ADDED ENTRY--TOPICAL TERM
Topical term or geographic name entry element Universities and colleges
Geographic subdivision Great Britain
General subdivision Administration.
651 ## - SUBJECT ADDED ENTRY--GEOGRAPHIC NAME
Geographic name (E-Book)
942 ## - ADDED ENTRY ELEMENTS (KOHA)
Source of classification or shelving scheme
Koha item type Book
Holdings
Withdrawn status Lost status Source of classification or shelving scheme Damaged status Not for loan Collection code Permanent Location Current Location Date acquired Total Checkouts Full call number Barcode Date last seen Price effective from Koha item type
            Military College of Signals (MCS) Military College of Signals (MCS) 12/12/2016   378.101 SHA MCSEB-2412 12/08/2016 12/12/2016 Book
© 2023 Central Library, National University of Sciences and Technology. All Rights Reserved.